Prénoms commençant par la lettre "D" - Statistiques

Statistiques générales
  • Ce quiz a été pris 176 fois
  • Le résultat moyen est 7 sur 16
Statistiques - réponses
Indice Prénom % Correct
canard de fiction Donald
92%
Goliath David
81%
île des Antilles et état indépendant Dominique
74%
souhaité Désiré
64%
film d'Alain Chabat, sorti en 1997 Didier
60%
Artémis Diane
56%
La Malice Denis
54%
sixième James Bond Daniel
45%
Samson Dalila
40%
Choupette dans la Boum Denise
29%
Frédérique Hoschedé Dorothée
17%
Le prêtre Karras dans l'exorciste Damien
10%
arbuste-nymphe Daphné
10%
Wouter Otto Levenbach Dave
9%
personnage du Père Goriot d'Honoré de Balzac ____de Nucingen Delphine
6%
mellow yellow Donovan
6%
Aucun quiz correspondant
Distribution des résultats
% des personnes avec chaque résultat
Percentile par nombre de réponses
Votre historique - résultats
Vous n’avez pas pris ce quiz